Zgadnij piłkarza po podpowiedziach - Statystyki

Ogólne statystyki
  • Ten quiz został rozwiązany 95 razy
  • Średni wynik to 3 z 8
Statystyki odpowiedzi
Podpowiedzi Piłkarz % Poprawnych
Pistolero | Zjazd | Czwartek Piątek
85%
Obywatelstwo | Debiut | Matka Cash
54%
Talent | rywalizacja | Bundesliga Haaland
40%
Afro | Matka | Turyn Rabiot
38%
Skała | Żołnierz Simeone | Italia Godin
31%
Rasizm | Karny | Wembley Saka
31%
Niewypał | Skrzydło | Czerwień Sancho
25%
Kapitan | Bohater | Horror Kjaer
9%
Nie znaleziono quizów pasujących do podanych kryteriów
Rozkład punktacji
Procent ludzi z każdym wynikiem
Percentyl według liczby udzielonych odpowiedzi
Twoja historia wyników
Nie rozwiązałeś tego quizu